00689nam a22001937a 450000500170000000800410001701000150005802000270007303500140010003700130011404000080012708200080013524500850014325000090022826000860023727000830032330000210040650000680042720230912144921.0100407t xxu||||| |||| 00| 0 eng d aENG-137927 a9789357050012c1125.00 aEN-121459 bDBAD/PUB aDPL a500 aPearson IIT Foundation Practice Book:bPhysics, Chemistry, Mathematics Class 10/ a2023 aNoida bDorling Kindersley (India) Pvt. Ltd. Licensees of Pearson Educationc2010 aIst Floor, Berger Tower, Plot No C-001A/2, Sector 16B bUttar Pradeshe2013001 avpp.c25cm.(pbk) aA Pathway TO Crack JEE useful For NTSE And Other Olympiad Exams